000
00319nam a2200133Ia 4500
008
231129s1992||||xx |||||||||||||| ||spa||
040
_b
spa
082
_a
Co863 G463l
100
_a
Gil Montoya Rigoberto
245
0
_a
El laberinto de las secretas angustias
260
_c
1992
264
_a
Lealon
942
_2
ddc
_c
BKS
999
_c
11432
_d
11432